00636nam a2200169 a 450000100100000000500170001000800410002702000180006804000250008608200140011124501060012526000540023130000270028559000250031295201120033799900170044900004785020201002060755.0180830s2011 dr a 000 spa d a9788469471562 aDO-SdBNPbspacBNPHU axxxbE791 0aEstudio comparativo de los presupuestos participativos en República Dominicana, España y Uruguay. aSanto Domingo :bDiputación de Málaga,c2011. a409 p. :bil ;c18 cm. aInventariado,2018/DG 0010718PDaPDbPDcHDd2018-08-30iLF1l0oxxx E791p47850-10r2020-06-25w2020-06-25yLFPDZNo se presta c47338d47338